| 000 | 00704cam a22002415i 4500 | ||
|---|---|---|---|
| 001 | 18225798 | ||
| 003 | ARRUPE | ||
| 005 | 20150225173146.0 | ||
| 008 | 140715s2013 rh a 000 0 eng | ||
| 010 | _a 2013439334 | ||
| 020 | _a9780797454453 | ||
| 040 |
_aDLC _beng _cDLC _erda |
||
| 042 | _alcode | ||
| 050 |
_aBX1682.Z5D262 _bA3 |
||
| 100 | 1 |
_aDavis, J.F. _915121 |
|
| 245 | 1 | 0 |
_aMission accomplished : _bDr. Davis' life work in Zimbabwe : an autobiography / _cJ.F. Davis. |
| 260 |
_aBulawayo _bILIZWI _c2013 |
||
| 300 |
_a80 pages ; _c22 cm |
||
| 650 |
_aDavis, Johanna _915564 |
||
| 906 |
_a0 _bibc _corigode _d2 _encip _f20 _gy-gencatlg |
||
| 942 |
_2lcc _cMONOGRAPH |
||
| 999 |
_c122043 _d122043 |
||